[Event "CRO-chT2 Center"]
[Site "Zagreb"]
[Date "2012.10.21"]
[Round "9.22"]
[White "Malada, Vinko"]
[Black "Marangunic, Srdjan"]
[Result "1/2-1/2"]
[WhiteElo "2328"]
[BlackElo "2354"]
[PlyCount "94"]
[EventDate "2012.03.18"]
[EventType "team-swiss"]
[EventRounds "11"]
[EventCountry "CRO"]
[SourceTitle "EXT 2019"]
[Source "ChessBase"]
[SourceDate "2018.10.10"]
[SourceVersion "1"]
[SourceVersionDate "2018.10.10"]
[SourceQuality "1"]

1. d4 d6 2. Nf3 Bg4 3. c4 Nd7 4. Nc3 Bxf3 5. exf3 Ngf6 6. Be3 e6 7. g4 c6 8. f4 g6 9. f5 gxf5 10. gxf5 exf5 11. Qf3 Ng4 12. Qxf5 Nxe3 13. fxe3 Qe7 14. Qe4 Bh6 15. Kd2 f5 16. Qxe7+ Kxe7 17. Bh3 Raf8 18. Raf1 f4 19. exf4 Rxf4 20. Rxf4 Bxf4+ 21. Kd3 Rf8 22. Ke4 Bh6 23. Bf5 Nf6+ 24. Kd3 Kd8 25. Ne4 Nxe4 26. Kxe4 d5+ 27. cxd5 cxd5+ 28. Ke5 Bg7+ 29. Kf4 Bxd4 30. Rd1 Be3+ 31. Ke5 d4 32. Bxh7 Rh8 33. Be4 Rxh2 34. Bxb7 Rxb2 35. Bd5 Kc7 36. Rd3 Rh2 37. Ra3 Kb6 38. Bc4 a5 39. Kd5 Rh5+ 40. Ke4 Rh8 41. Rb3+ Kc5 42. Kd3 Rh3 43. Rb5+ Kc6 44. Rxa5 Bg1+ 45. Kd2 Rc3 46. Bd3 Be3+ 47. Ke2 Kb6 1/2-1/2

[Event "Velika Gorica op 10th"]
[Site "Velika Gorica"]
[Date "2012.08.29"]
[Round "9"]
[White "Matic, Zeljko"]
[Black "Malada, Vinko"]
[Result "1-0"]
[WhiteElo "2212"]
[BlackElo "2328"]
[PlyCount "81"]
[EventDate "2012.08.20"]
[EventType "swiss"]
[EventRounds "9"]
[EventCountry "CRO"]
[SourceTitle "CBM 150 Extra"]
[Source "ChessBase"]
[SourceDate "2012.10.19"]
[SourceVersion "1"]
[SourceVersionDate "2012.10.19"]
[SourceQuality "1"]

1. c4 Nf6 2. g3 e5 3. Bg2 d5 4. cxd5 Nxd5 5. Nf3 Nc6 6. 0-0 Be7 7. d3 0-0 8. Nbd2 Be6 9. Re1 f6 10. a3 a5 11. b3 Bc5 12. Bb2 Qe7 13. e3 Nb6 14. d4 Bd6 15. dxe5 fxe5 16. Qc2 Bg4 17. h3 Bh5 18. Nh4 Qf7 19. Ndf3 Bxf3 20. Nxf3 Qh5 21. Qe4 Qf7 22. Qc2 h6 23. Rf1 a4 24. b4 Nc4 25. Bc3 Ne7 26. Rfd1 b5 27. Ne1 Rad8 28. Qe2 c6 29. e4 Bc7 30. Nd3 Nc8 31. Kh2 N8b6 32. Rf1 Qd7 33. Nb2 Nxb2 34. Qxb2 Nc4 35. Qa2 Kh7 36. Rfc1 Bb6 37. Be1 Bd4 38. Rab1 Rf6 39. Rc2 Rdf8 40. Rbc1 Qf7 41. Kg1 1-0

[Event "Velika Gorica op 10th"]
[Site "Velika Gorica"]
[Date "2012.08.26"]
[Round "6"]
[White "Makaj, Marko"]
[Black "Malada, Vinko"]
[Result "1-0"]
[WhiteElo "2355"]
[BlackElo "2328"]
[PlyCount "75"]
[EventDate "2012.08.20"]
[EventType "swiss"]
[EventRounds "9"]
[EventCountry "CRO"]
[SourceTitle "CBM 150 Extra"]
[Source "ChessBase"]
[SourceDate "2012.10.19"]
[SourceVersion "1"]
[SourceVersionDate "2012.10.19"]
[SourceQuality "1"]

1. d4 d5 2. c4 e6 3. Nc3 c5 4. cxd5 exd5 5. Nf3 Nc6 6. g3 Nf6 7. Bg2 Be7 8. 0-0 0-0 9. dxc5 Bxc5 10. Na4 Be7 11. Be3 Re8 12. Rc1 Bg4 13. Bc5 Rc8 14. Qd3 b6 15. Bxe7 Qxe7 16. Nc3 Bxf3 17. Bxf3 Rcd8 18. Bg2 Qe5 19. Nb5 Nb4 20. Qb3 a5 21. e3 Ne4 22. Rfd1 Nc5 23. Qa3 h5 24. Rd4 Re6 25. e4 g5 26. exd5 Rf6 27. Rd2 g4 28. Qc3 Qg5 29. Re1 Nxa2 30. Qe3 Qf5 31. Nd4 Qg6 32. Nc6 Rd7 33. Ne7+ Rxe7 34. Qxe7 Qg5 35. Qe3 Qxe3 36. Rxe3 Nb4 37. d6 Nd7 38. Re7 1-0

[Event "Split op 1st"]
[Site "Split"]
[Date "2011.08.10"]
[Round "6"]
[White "Malada, Vinko"]
[Black "Berke, Ana"]
[Result "1-0"]
[WhiteElo "2326"]
[BlackElo "2174"]
[PlyCount "93"]
[EventDate "2011.08.05"]
[EventType "swiss"]
[EventRounds "9"]
[EventCountry "CRO"]
[SourceTitle "CBM 143 Extra"]
[Source "ChessBase"]
[SourceDate "2011.08.29"]
[SourceVersion "1"]
[SourceVersionDate "2011.08.29"]
[SourceQuality "1"]

1. d4 Nf6 2. c4 e6 3. g3 c5 4. d5 exd5 5. cxd5 d6 6. Nc3 g6 7. Bg2 Bg7 8. Nf3 0-0 9. 0-0 a6 10. a4 Re8 11. Nd2 Nbd7 12. h3 Rb8 13. Nc4 Ne5 14. Na3 Nh5 15. e4 Bd7 16. a5 b5 17. axb6 Bb5 18. Naxb5 axb5 19. Nxb5 Qxb6 20. Na3 Qb3 21. Qxb3 Rxb3 22. Rd1 Nd3 23. Nc4 Bd4 24. Be3 Nxb2 25. Nxd6 Rd8 26. Rxd4 Rxe3 27. Rd2 Rb3 28. Rb1 Rdb8 29. Rc2 R8b6 30. Nc8 Nd3 31. Rxb3 Rxb3 32. Bf1 Nf6 33. Bxd3 Rxd3 34. Nd6 Rd4 35. f3 Nd7 36. Kf2 f5 37. Ke3 fxe4 38. fxe4 Rd1 39. Ke2 Rd4 40. Rc4 Ne5 41. Rxd4 cxd4 42. Nb5 d3+ 43. Ke3 h5 44. Nd4 h4 45. gxh4 Kg7 46. Nf3 d2 47. Nxd2 1-0

[Event "Split op 1st"]
[Site "Split"]
[Date "2011.08.05"]
[Round "1"]
[White "Fragnaud, Jean Guy"]
[Black "Malada, Vinko"]
[Result "1-0"]
[WhiteElo "1944"]
[BlackElo "2326"]
[PlyCount "87"]
[EventDate "2011.08.05"]
[EventType "swiss"]
[EventRounds "9"]
[EventCountry "CRO"]
[SourceTitle "CBM 143 Extra"]
[Source "ChessBase"]
[SourceDate "2011.08.29"]
[SourceVersion "1"]
[SourceVersionDate "2011.08.29"]
[SourceQuality "1"]

1. d4 Nf6 2. Nf3 e6 3. g3 b5 4. Bg2 d5 5. 0-0 Nbd7 6. Nbd2 Bb7 7. b3 b4 8. Bb2 c5 9. c4 bxc3 10. Bxc3 Be7 11. Rc1 0-0 12. Qc2 Rc8 13. Qb1 Qb6 14. e3 Rfe8 15. Rfe1 Rf8 16. Bf1 cxd4 17. Bxd4 Qa5 18. Rcd1 e5 19. Bb2 Rc1 20. Bxc1 Bb4 21. Qa1 Ba6 22. a3 Bxf1 23. Nxf1 Bd6 24. Bb2 Qb5 25. N1d2 h6 26. Rc1 Qb6 27. Rc2 a5 28. h3 Bb8 29. Kg2 Qb7 30. Kg1 Rc8 31. Rxc8+ Qxc8 32. Qb1 e4 33. Nd4 Ne5 34. Kg2 Nd3 35. Ba1 Be5 36. b4 axb4 37. axb4 Nh7 38. b5 Ng5 39. g4 h5 40. Nc6 Qe6 41. Nxe5 Nxe5 42. Bxe5 Qxe5 43. b6 hxg4 44. hxg4 1-0

[Event "CRO-chT3A Center"]
[Site "Zagreb"]
[Date "2010.11.07"]
[Round "9.31"]
[White "Ivekovic, Mario"]
[Black "Malada, Vinko"]
[Result "1/2-1/2"]
[WhiteElo "2258"]
[BlackElo "2311"]
[PlyCount "30"]
[EventDate "2010.03.21"]
[EventType "team-tourn"]
[EventRounds "11"]
[EventCountry "CRO"]
[SourceTitle "EXT 2012"]
[Source "ChessBase"]
[SourceDate "2011.11.24"]
[SourceVersion "1"]
[SourceVersionDate "2011.11.24"]
[SourceQuality "1"]

1. Nf3 Nf6 2. g3 c5 3. Bg2 Nc6 4. c3 d5 5. d4 e6 6. 0-0 Be7 7. Bg5 cxd4 8. cxd4 Qb6 9. b3 h6 10. Bc1 Ne4 11. e3 Bd7 12. Nfd2 Nxd2 13. Qxd2 0-0 14. Ba3 Nb4 15. Rc1 Rfc8 1/2-1/2

[Event "Zagreb op-B"]
[Site "Zagreb"]
[Date "2009.03.21"]
[Round "1"]
[White "Kukina, Mario"]
[Black "Malada, Vinko"]
[Result "0-1"]
[WhiteElo "1984"]
[BlackElo "2238"]
[PlyCount "92"]
[EventDate "2009.03.21"]
[EventType "swiss"]
[EventRounds "9"]
[EventCountry "CRO"]
[SourceTitle "CBM 129 Extra"]
[Source "ChessBase"]
[SourceDate "2009.05.05"]
[SourceVersion "2"]
[SourceVersionDate "2009.05.20"]
[SourceQuality "1"]

1. d4 Nf6 2. Nf3 e6 3. c4 Nc6 4. e3 Bb4+ 5. Bd2 Bxd2+ 6. Nbxd2 d6 7. Be2 0-0 8. 0-0 e5 9. d5 Ne7 10. e4 Ng6 11. Re1 a5 12. b3 c6 13. dxc6 bxc6 14. Bf1 Qb6 15. c5 Qxc5 16. Rc1 Qa7 17. Rxc6 Ng4 18. Re2 Nf4 19. Rxd6 Ba6 20. Nc4 Bxc4 21. bxc4 Nxe2+ 22. Qxe2 Qc7 23. Rd5 Rfe8 24. Rb5 a4 25. Qc2 a3 26. c5 Ra5 27. Rxa5 Qxa5 28. h3 Nf6 29. Bc4 Rc8 30. Nxe5 Qxc5 31. Bxf7+ Kf8 32. Qxc5+ Rxc5 33. f4 Nxe4 34. Bb3 Rc1+ 35. Kh2 Nd2 36. Be6 Ke7 37. f5 Rc2 38. h4 Ne4 39. Bb3 Rb2 40. Nc6+ Kd6 41. Na5 Kc5 42. h5 h6 43. Kh3 Kb5 44. Nc4 Rxb3+ 45. axb3 a2 46. Na3+ Kb4 0-1

[Event "CRO-chT1B"]
[Site "Sibenik"]
[Date "2007.10.01"]
[Round "7"]
[White "Bosiocic, Marin"]
[Black "Malada, Vinko"]
[Result "1-0"]
[WhiteElo "2496"]
[BlackElo "2256"]
[PlyCount "39"]
[EventDate "2007.09.25"]
[EventType "team"]
[EventRounds "9"]
[EventCountry "CRO"]
[SourceTitle "CBM 120 Extra"]
[Source "ChessBase"]
[SourceDate "2007.11.01"]
[SourceVersion "1"]
[SourceVersionDate "2007.11.01"]
[SourceQuality "1"]

1. e4 c5 2. Nf3 e6 3. d4 cxd4 4. Nxd4 Nc6 5. Nc3 Qc7 6. Be3 a6 7. Be2 Nf6 8. 0-0 Bb4 9. Nxc6 bxc6 10. Qd4 c5 11. Qc4 0-0 12. Bf3 Bb7 13. e5 Bxf3 14. exf6 d5 15. Qh4 Bxc3 16. bxc3 Be4 17. Bh6 Qe5 18. Bxg7 Rfb8 19. Rae1 Qxc3 20. Rxe4 1-0

[Event "CRO-chT1B"]
[Site "Sibenik"]
[Date "2007.09.29"]
[Round "5"]
[White "Malada, Vinko"]
[Black "Kovacevic, Blazimir"]
[Result "0-1"]
[WhiteElo "2256"]
[BlackElo "2457"]
[PlyCount "94"]
[EventDate "2007.09.25"]
[EventType "team"]
[EventRounds "9"]
[EventCountry "CRO"]
[SourceTitle "CBM 120 Extra"]
[Source "ChessBase"]
[SourceDate "2007.11.01"]
[SourceVersion "1"]
[SourceVersionDate "2007.11.01"]
[SourceQuality "1"]

1. d4 Nf6 2. c4 c5 3. d5 e5 4. Nc3 d6 5. g3 g6 6. Qa4+ Nbd7 7. f4 exf4 8. Bxf4 Nh5 9. Bd2 Bg7 10. Nf3 0-0 11. Bg2 Ne5 12. Nxe5 Bxe5 13. 0-0-0 a6 14. Ne4 b5 15. Qa5 Qe7 16. Bc3 Bf5 17. Bxe5 Qxe5 18. Qc3 Qxc3+ 19. Nxc3 b4 20. Ne4 Bxe4 21. Bxe4 Rfe8 22. Bf3 Nf6 23. Kd2 Nd7 24. e3 a5 25. Rhf1 Re7 26. Rde1 Ne5 27. Be2 Kg7 28. h4 a4 29. Rf4 a3 30. b3 f5 31. g4 fxg4 32. Bxg4 Rf8 33. Bd1 Ref7 34. Ref1 h6 35. Be2 g5 36. hxg5 hxg5 37. Rxf7+ Rxf7 38. Rg1 Kg6 39. Rg2 Rh7 40. Bd1 Rh3 41. Bc2+ Kh5 42. Rf2 g4 43. Be4 g3 44. Re2 Kg4 45. Ke1 Nf3+ 46. Kf1 Rh1+ 47. Kg2 Rg1# 0-1

[Event "Velika Gorica op 7th"]
[Site "Velika Gorica"]
[Date "2007.08.22"]
[Round "6"]
[White "Franic, Milan"]
[Black "Malada, Vinko"]
[Result "1-0"]
[WhiteElo "2386"]
[BlackElo "2256"]
[PlyCount "53"]
[EventDate "2007.08.18"]
[EventType "swiss"]
[EventRounds "9"]
[EventCountry "CRO"]
[SourceTitle "CBM 120 Extra"]
[Source "ChessBase"]
[SourceDate "2007.11.01"]
[SourceVersion "1"]
[SourceVersionDate "2007.11.01"]
[SourceQuality "1"]

1. d4 Nf6 2. c4 e6 3. Nc3 Bb4 4. f3 d5 5. a3 Bxc3+ 6. bxc3 c5 7. e3 0-0 8. cxd5 Nxd5 9. c4 Ne7 10. Bd3 Nbc6 11. Ne2 Nf5 12. 0-0 cxd4 13. Bxf5 exf5 14. exd4 Na5 15. Qc2 Re8 16. Bf4 b6 17. Rfd1 Ba6 18. Ng3 Bxc4 19. Qxf5 Nb3 20. Rab1 Nxd4 21. Qg4 f5 22. Nxf5 Ne2+ 23. Kh1 Qf6 24. Bg5 Qe6 25. Rd6 Qf7 26. Nh6+ gxh6 27. Be7+ 1-0

[Event "Velika Gorica op 7th"]
[Site "Velika Gorica"]
[Date "2007.08.20"]
[Round "4"]
[White "Saric, Ibro"]
[Black "Malada, Vinko"]
[Result "1/2-1/2"]
[WhiteElo "2526"]
[BlackElo "2256"]
[PlyCount "90"]
[EventDate "2007.08.18"]
[EventType "swiss"]
[EventRounds "9"]
[EventCountry "CRO"]
[SourceTitle "CBM 120 Extra"]
[Source "ChessBase"]
[SourceDate "2007.11.01"]
[SourceVersion "1"]
[SourceVersionDate "2007.11.01"]
[SourceQuality "1"]

1. Nf3 Nf6 2. c4 Nc6 3. d4 e6 4. a3 d6 5. Nc3 g6 6. e4 Bg7 7. h3 0-0 8. Bg5 h6 9. Be3 Kh8 10. Bd3 Ng8 11. Bc2 f5 12. g3 Na5 13. Qe2 b6 14. b4 Nc6 15. 0-0-0 Nce7 16. Bd2 Bb7 17. d5 fxe4 18. Bxe4 exd5 19. cxd5 Qe8 20. Qd3 Nf6 21. Rhe1 Qf7 22. Nh4 Nxe4 23. Rxe4 Nf5 24. Rde1 g5 25. Nxf5 Qxf5 26. Be3 c5 27. bxc5 dxc5 28. g4 Qf6 29. Bd2 Rad8 30. Re7 Bxd5 31. Rxa7 Bc6 32. Qg3 Qxf2 33. Qxf2 Rxf2 34. Nb1 Rd7 35. Re8+ Kh7 36. Rxd7 Bxd7 37. Re7 Ba4 38. Nc3 Bb3 39. Rb7 c4 40. Nd1 Rf1 41. Bc3 Rxd1+ 42. Kb2 Rd2+ 43. Kb1 Rd1+ 44. Kb2 Rd2+ 45. Kb1 Rd1+ 1/2-1/2

[Event "CRO-chT 16th"]
[Site "Sibenik"]
[Date "2007.05.19"]
[Round "3"]
[White "Lovric, Marko"]
[Black "Malada, Vinko"]
[Result "0-1"]
[WhiteElo "1988"]
[BlackElo "2254"]
[PlyCount "56"]
[EventDate "2007.05.17"]
[EventType "team"]
[EventRounds "5"]
[EventCountry "CRO"]
[SourceTitle "CBM 118 Extra"]
[Source "ChessBase"]
[SourceDate "2007.07.04"]
[SourceVersion "1"]
[SourceVersionDate "2007.07.04"]
[SourceQuality "1"]

1. e4 c5 2. Nf3 e6 3. d4 cxd4 4. Nxd4 Nc6 5. Be2 Nf6 6. Nc3 Qc7 7. 0-0 a6 8. Be3 Bb4 9. f4 Bxc3 10. bxc3 Nxe4 11. Qd3 d5 12. Bf3 Nd6 13. Rae1 0-0 14. Nxc6 Qxc6 15. Bd4 Bd7 16. Re5 Nf5 17. Bf2 Qc7 18. g4 Bb5 19. Qd1 Bxf1 20. Qxf1 Qxc3 21. Qh3 Nd4 22. Re3 Nxf3+ 23. Rxf3 Qxc2 24. f5 exf5 25. gxf5 f6 26. Rc3 Qb1+ 27. Kg2 Qe4+ 28. Rf3 Rac8 0-1

[Event "Velika Gorica op 6th"]
[Site "Velika Gorica"]
[Date "2006.08.20"]
[Round "3"]
[White "Malada, Vinko"]
[Black "Saric, Ivan"]
[Result "0-1"]
[WhiteElo "2256"]
[BlackElo "2394"]
[PlyCount "92"]
[EventDate "2006.08.19"]
[EventType "swiss"]
[EventRounds "9"]
[EventCountry "CRO"]
[SourceTitle "CBM 113 Extra"]
[Source "ChessBase"]
[SourceDate "2006.09.14"]
[SourceVersion "1"]
[SourceVersionDate "2006.09.14"]
[SourceQuality "1"]

1. d4 Nf6 2. c4 g6 3. Nc3 Bg7 4. e4 d6 5. Nf3 0-0 6. Be2 e5 7. d5 Na6 8. Nd2 h5 9. h4 Bd7 10. a3 c5 11. Nf3 Nc7 12. b4 b6 13. Ng5 Qc8 14. Bd2 Ng4 15. f3 Nf6 16. Rg1 Nce8 17. b5 a6 18. a4 Nc7 19. Rb1 axb5 20. axb5 Nce8 21. Ra1 Bh6 22. Rxa8 Qxa8 23. g4 Ng7 24. Nh3 Bxd2+ 25. Kxd2 Qa5 26. Nf2 hxg4 27. fxg4 Ra8 28. Qb3 Nh7 29. Bd3 Kh8 30. Bc2 Qa7 31. Ne2 Bc8 32. Nc3 Qe7 33. g5 f6 34. Na4 Rb8 35. Bd1 fxg5 36. hxg5 Bd7 37. Qg3 Rf8 38. Ke1 Qd8 39. Qh4 Kg8 40. Qh6 Qa8 41. Rh1 Qa5+ 42. Kf1 Rxf2+ 43. Kxf2 Qd2+ 44. Be2 Nxg5 45. Qxg6 Bg4 46. Nc3 Qf4+ 0-1

[Event "Budapest FS08 IM-A"]
[Site "Budapest"]
[Date "2005.08.14"]
[Round "9"]
[White "Malada, Vinko"]
[Black "Brustkern, Juergen"]
[Result "1/2-1/2"]
[WhiteElo "2248"]
[BlackElo "2250"]
[PlyCount "55"]
[EventDate "2005.08.06"]
[EventType "tourn"]
[EventRounds "11"]
[EventCountry "HUN"]
[EventCategory "2"]
[SourceTitle "CBM 107 Extra"]
[Source "ChessBase"]
[SourceDate "2005.09.01"]
[SourceVersion "1"]
[SourceVersionDate "2005.09.01"]
[SourceQuality "1"]

1. d4 d5 2. Nf3 Nf6 3. c4 c6 4. Nc3 a6 5. c5 Nbd7 6. Bf4 Nh5 7. e3 g6 8. Bd3 f6 9. 0-0 Bg7 10. Bg3 Nxg3 11. hxg3 e5 12. e4 exd4 13. Nxd4 Nxc5 14. exd5 Nxd3 15. Qxd3 cxd5 16. Rfe1+ Kf7 17. Rad1 h5 18. Qc2 h4 19. gxh4 Rxh4 20. Qb3 Rh5 21. Ne4 Kg8 22. Re2 Kh7 23. Ng3 Re5 24. Red2 Re7 25. Nge2 Bh6 26. Rd3 Bg4 27. f3 Bd7 28. Qxd5 1/2-1/2

[Event "Budapest FS08 IM-A"]
[Site "Budapest"]
[Date "2005.08.07"]
[Round "2"]
[White "Malada, Vinko"]
[Black "Zucchelli, Massimo"]
[Result "1/2-1/2"]
[WhiteElo "2248"]
[BlackElo "2152"]
[PlyCount "83"]
[EventDate "2005.08.06"]
[EventType "tourn"]
[EventRounds "11"]
[EventCountry "HUN"]
[EventCategory "2"]
[SourceTitle "CBM 107 Extra"]
[Source "ChessBase"]
[SourceDate "2005.09.01"]
[SourceVersion "1"]
[SourceVersionDate "2005.09.01"]
[SourceQuality "1"]

1. Nf3 d5 2. d4 Nf6 3. c4 e6 4. Nc3 Be7 5. Bg5 h6 6. Bh4 0-0 7. e3 b6 8. Bd3 dxc4 9. Bxc4 Bb7 10. Bg3 a6 11. 0-0 b5 12. Bd3 Nbd7 13. Qe2 c5 14. h3 cxd4 15. exd4 Re8 16. Rac1 Rc8 17. Ne4 Qb6 18. Rfd1 Nxe4 19. Bxe4 Bxe4 20. Qxe4 Nf6 21. Qd3 Qb7 22. Bf4 Qd5 23. Qb1 Qb7 24. Bd2 Red8 25. Ba5 Re8 26. Bd2 Bd6 27. Kf1 Bb8 28. Rxc8 Rxc8 29. Rc1 Nd5 30. Rc2 Ba7 31. Qc1 Rxc2 32. Qxc2 Ne7 33. Bb4 Nc6 34. Bc5 Bb8 35. Qd3 Bc7 36. d5 exd5 37. Qxd5 Nd8 38. Qd7 Qc6 39. Qxc6 Nxc6 40. Ke2 f6 41. Kd3 Kf7 42. Ke4 1/2-1/2